Introduction to medical imaging (Record no. 39304)

000 -LEADER
fixed length control field 00626nam a22002177a 4500
001 - CONTROL NUMBER
control field 39304
003 - CONTROL NUMBER IDENTIFIER
control field BD-DhUET
008 - FIXED-LENGTH DATA ELEMENTS--GENERAL INFORMATION
fixed length control field 160816b xxu||||| |||| 00| 0 eng d
020 ## - INTERNATIONAL STANDARD BOOK NUMBER
International Standard Book Number 9780521190657
040 ## - CATALOGING SOURCE
Transcribing agency 0
Modifying agency BD-DhUET
082 ## - DEWEY DECIMAL CLASSIFICATION NUMBER
Classification number 616.0754
Item number SMI/2011
100 ## - MAIN ENTRY--PERSONAL NAME
Personal name Smith, Nadine Barrie
245 ## - TITLE STATEMENT
Title Introduction to medical imaging
Remainder of title physics, engineering and clinical applications
250 ## - EDITION STATEMENT
Edition statement 1st ed.
260 ## - PUBLICATION, DISTRIBUTION, ETC. (IMPRINT)
Place of publication, distribution, etc. Cambridge
Name of publisher, distributor, etc. Cambridge University Press
Date of publication, distribution, etc. 2011
300 ## - PHYSICAL DESCRIPTION
Extent xii,286p.
504 ## - BIBLIOGRAPHY, ETC. NOTE
Bibliography, etc Includes bibliographies
650 #0 - SUBJECT ADDED ENTRY--TOPICAL TERM
Topical term or geographic name as entry element Diagnostic imaging-Digital techniques
700 ## - ADDED ENTRY--PERSONAL NAME
Personal name Webb, Andrew
942 ## - ADDED ENTRY ELEMENTS (KOHA)
Koha item type General Book
Holdings
Koha item type Copy number Koha full call number Koha renewals Sublocation or collection (holding branch) Lost status Price effective from Not for loan Koha out on loan Location (home branch) Koha normalized classification for sorting Koha issues (times borrowed) Piece designation (barcode) Source of classification or shelving scheme Shelving location Damaged status Withdrawn status Date acquired Koha date last seen Koha date last borrowed
General Book1616.0754/SMI/20112Central Library, BUET 2016-08-16 2025-11-29Central Library, BUET616_075400000000000_SMI_20112114673 Circulation section  2016-08-162022-02-262022-02-26
General Book2616.0754/SMI/2011 Central Library, BUET 2016-08-16  Central Library, BUET616_075400000000000_SMI_2011 114674 Circulation section  2016-08-162016-08-16 
General Book3616.0754/SMI/2011 Central Library, BUET 2025-07-02 2026-11-29Central Library, BUET616_075400000000000_SMI_20111120320 Circulation section  2025-04-302025-11-292025-11-29
General Book4616.0754/SMI/2011 Central Library, BUET 2025-07-02  Central Library, BUET616_075400000000000_SMI_2011 120321 Circulation section  2025-04-302025-07-02 
General Book5616.0754/SMI/2011 Central Library, BUET 2025-07-02  Central Library, BUET616_075400000000000_SMI_2011 120322 Circulation section  2025-04-302025-07-02